LDR 00859naa#a2200181#i#450# 001 RU\\bibl\120454 005 20260426112856.7 011 ## _a2782-4586 100 ## _a20260331b2026####ek#y0rusy0150####ca 102 ## _aRU 200 1# _aРеинвестирование свободных денежных средств при работе с гособоронзаказами в авиационной промышленности _eЖурнальная статья 210 1# _aМосква _cУниверситет ИТБО _d2026 215 ## _a7 с. 608 ## _aЖурнальная статья _2local 675 ## _aПолитика. Планирование. Управление. Мероприятия. Средства. 334.02 _z 700 #1 _aРубес _gМатвей Антонович 700 #1 _aКондраков _gОлег Викторович 856 4# _ajomeam.ru _u